Normal view
MARC view
Entry Personal Name
001 - CONTROL NUMBER
- control field: 21928
003 - CONTROL NUMBER IDENTIFIER
- control field: dpl
005 - DATE AND TIME OF LATEST TRANSACTION
- control field: 20100927115501.0
008 - FIXED-LENGTH DATA ELEMENTS
- fixed length control field: 100927|||a|||||| | ||| d
040 ## - CATALOGING SOURCE
- Original cataloging agency: dpl
- Transcribing agency: dpl
100 ## - HEADING--PERSONAL NAME
- Personal name: Kaushik, Ravji S.
670 ## - SOURCE DATA FOUND
- Source citation: Work cat.: (dpl)35507: Bookhive's master resource book on CAT( Common Admission Test):, 2010
670 ## - SOURCE DATA FOUND
- Source citation: Work cat.: (dpl)35507: Bookhive's master resource book on CAT( Common Admission Test):, 2010
